[Event "World Open"]
[Site "Philadelphia USA"]
[Date "2009.06.29"]
[Round "1"]
[White "Bradford,J"]
[Black "Kacheishvili,G"]
[Result "0-1"]
[WhiteElo "2419"]
[BlackElo "2613"]
[EventDate "2009.06.29"]

1. Nf3 d5 2. d4 Nf6 3. c4 e6 4. Nc3 Bb4 5. Bg5 O-O 6. e3 c5 7. Rc1 Nbd7 8.
Bd3 cxd4 9. exd4 dxc4 10. Bxc4 b6 11. O-O Bb7 12. Qe2 Bxc3 13. bxc3 Qc7 14.
Bd3 Ng4 15. Be4 Rac8 16. Bxb7 Qxb7 17. a4 Ngf6 18. Rfe1 Rc7 19. Bf4 Rc6 20.
Qb5 Nd5 21. Bd2 Qc7 22. c4 N5f6 23. Bf4 Qc8 24. h3 h6 25. Bd2 Rd8 26. a5
Ne8 27. axb6 axb6 28. c5 bxc5 29. Ba5 Nd6 30. Qxc6 Qxc6 31. Bxd8 c4 32. Ne5
Nxe5 33. dxe5 Nb5 34. Ba5 Qc5 35. Re3 Kh7 36. Bd2 Qd4 37. Bc3 Qf4 38. Bb2
Nc7 39. g3 Qf5 40. Rxc4 Nd5 41. Rb3 Qxh3 42. Rf3 Qh5 43. Kg2 g5 44. Rc8 g4
45. Ra3 Qf5 46. Rc4 h5 47. Rb3 Kg7 48. Ba1 Kg6 49. Kg1 Kg7 50. Kg2 Ne7 51.
Rf4 Qc2 52. Ra3 Nd5 53. Rd4 Kg6 54. Rda4 Qc1 55. Ra2 Kg7 56. R2a3 Nb6 57.
Ra7 Nc4 58. Rd3 Nd2 59. Rxd2 Qxd2 60. Ra3 Qc1 61. Ra7 Qc5 62. Ra6 Qd5+ 63.
Kg1 Qd1+ 64. Kg2 h4 0-1

[Event "World Open"]
[Site "Philadelphia USA"]
[Date "2009.06.29"]
[Round "1"]
[White "Gerzhoy,L"]
[Black "Bareev,E"]
[Result "1/2-1/2"]
[WhiteElo "2420"]
[BlackElo "2636"]
[EventDate "2009.06.29"]

1. e4 c6 2. d4 d5 3. exd5 cxd5 4. c4 Nf6 5. Nc3 Nc6 6. Nf3 Bg4 7. cxd5 Nxd5
8. Qb3 Bxf3 9. gxf3 e6 10. Qxb7 Nxd4 11. Bb5+ Nxb5 12. Qc6+ Ke7 13. Qxb5
Qd7 14. Nxd5+ Qxd5 15. Qxd5 exd5 16. O-O Kf6 17. Be3 Bd6 18. Rfd1 Rhd8 19.
Rac1 Be5 20. b3 d4 21. f4 dxe3 22. fxe5+ Ke6 23. Rxd8 Rxd8 24. fxe3 a5 25.
Rc3 Rd5 26. Kf2 Rxe5 27. Kf3 Rf5+ 28. Ke4 Re5+ 29. Kf3 Kd6 30. e4 f6 31. h4
Rh5 32. Kg4 g6 33. Rc8 Rc5 34. Rh8 h5+ 35. Kf4 Rc2 1/2-1/2

[Event "World Open"]
[Site "Philadelphia USA"]
[Date "2009.07.01"]
[Round "1"]
[White "Freix,A"]
[Black "Rensch,D"]
[Result "0-1"]
[WhiteElo "1972"]
[BlackElo "2399"]
[EventDate "2009.06.29"]

1. e4 c5 2. Nf3 d6 3. d4 cxd4 4. Nxd4 Nf6 5. Nc3 a6 6. Be2 e6 7. Bg5 Be7 8.
Qd2 b5 9. Bf3 Ra7 10. Be3 Rd7 11. a4 b4 12. Nce2 Bb7 13. O-O Bxe4 14. Bxe4
Nxe4 15. Qxb4 d5 16. Qb3 O-O 17. c4 e5 18. Nf3 d4 19. Bc1 d3 20. Nc3 d2 21.
Nd5 dxc1=Q 22. Raxc1 Nc6 23. Rfd1 Bc5 24. Rc2 Nd4 25. Nxd4 Bxd4 26. Qf3 Nf6
27. Nxf6+ Qxf6 28. Qg4 Qe6 29. Qe2 a5 30. c5 Rb8 31. c6 Rc7 32. Qa6 Qb3 33.
Rdc1 Qb6 34. Qc4 h6 35. h3 Qb3 36. Qe2 Qxa4 37. Kh2 Qb5 38. Qf3 a4 39. Qa3
Rbc8 40. Qd6 Bxb2 41. Rc5 Qb6 42. R1c2 a3 43. Qd5 Qb4 44. R2c4 Qe1 45. Rc2
Bd4 46. Rb5 Bxf2 47. Qf3 Qg1+ 0-1

[Event "World Open"]
[Site "Philadelphia USA"]
[Date "2009.07.01"]
[Round "1"]
[White "Naroditsky,D"]
[Black "Hess,Ro"]
[Result "1/2-1/2"]
[WhiteElo "2335"]
[BlackElo "2485"]
[EventDate "2009.06.29"]

1. e4 e5 2. Nf3 Nc6 3. Bb5 a6 4. Ba4 d6 5. h3 Bd7 6. O-O Nf6 7. Re1 Be7 8.
c3 O-O 9. d4 exd4 10. cxd4 d5 11. exd5 Nb4 12. Bb3 Nbxd5 13. Nc3 c6 14. Bc2
Bb4 15. Qd3 g6 16. Bh6 Re8 17. Rxe8+ Qxe8 18. Re1 Qc8 19. Ne5 Bf5 20. Qf3
Bxc3 21. Bxf5 Qxf5 22. bxc3 Qxf3 23. Nxf3 Re8 24. Rxe8+ Nxe8 25. c4 Nc3 26.
Bd2 Nxa2 27. c5 f6 28. Kf1 Kf7 29. Ke2 Ke6 30. Kd3 Kd5 31. Ne1 Ng7 32. g4
Ne6 33. Nc2 Ng5 34. f4 Nxh3 35. Ne3+ Ke6 36. f5+ gxf5 37. gxf5+ Kd7 38. Kc2
Ng5 39. Kb2 Nf3 40. Ba5 h5 41. Kxa2 h4 42. Ng4 Nxd4 43. Nxf6+ Ke7 44. Ng8+
Kd7 45. Nf6+ Kc8 46. Ne4 Nxf5 47. Bd2 Kd7 48. Kb3 Ke6 49. Kc4 Ke5 50. Ng5
Kf6 51. Nh3 Ke6 52. Ng5+ Ke5 53. Nf3+ 1/2-1/2

[Event "World Open"]
[Site "Philadelphia USA"]
[Date "2009.07.01"]
[Round "1"]
[White "Peng,D"]
[Black "Benjamin,Joe"]
[Result "0-1"]
[WhiteElo "2245"]
[BlackElo "2583"]
[EventDate "2009.06.29"]

1. d4 Nf6 2. c4 e6 3. Nf3 b6 4. g3 Ba6 5. b3 Bb4+ 6. Bd2 Be7 7. Bg2 O-O 8.
O-O d5 9. cxd5 exd5 10. Nc3 Bb7 11. Ne5 Na6 12. Rc1 Ba3 13. Rb1 Qe8 14. e3
Bd6 15. f4 c5 16. g4 Rd8 17. Qe2 Nc7 18. g5 Bxe5 19. dxe5 Ne4 20. Bxe4 dxe4
21. Rfd1 Rd3 22. Be1 Qd7 23. Rxd3 exd3 24. Qd2 Nb5 25. Nxb5 Qd5 26. e4 Qxe4
27. Qb2 d2 28. Qxd2 Qh1+ 0-1

[Event "World Open"]
[Site "Philadelphia USA"]
[Date "2009.07.01"]
[Round "1"]
[White "Shabalov,A"]
[Black "Melekhina,A"]
[Result "1-0"]
[WhiteElo "2569"]
[BlackElo "2287"]
[EventDate "2009.06.29"]

1. e4 b6 2. c4 Bb7 3. Nc3 e5 4. Nf3 Nc6 5. Be2 g6 6. d4 exd4 7. Nxd4 Bg7 8.
Be3 Nge7 9. h4 h5 10. O-O d6 11. Nf3 Qd7 12. Qb3 O-O-O 13. Rfd1 f5 14. c5
fxe4 15. Nxe4 d5 16. cxb6 axb6 17. Rac1 Qf5 18. Neg5 Rd6 19. Qa3 Rhd8 20.
Bd3 Qf6 21. b4 Nf5 22. Bf4 R6d7 23. Rxc6 Qxc6 24. Rc1 Qf6 25. Qa7 Nd6 26.
Ba6 Re7 27. Bxd6 Rxd6 28. Qxb7+ Kd8 29. Qc8+ 1-0

[Event "World Open"]
[Site "Philadelphia USA"]
[Date "2009.07.01"]
[Round "1"]
[White "Shankland,S"]
[Black "Hanken,J"]
[Result "1-0"]
[WhiteElo "2446"]
[BlackElo "1910"]
[EventDate "2009.06.29"]

1. e4 g6 2. d4 Bg7 3. Nc3 c6 4. Be3 d5 5. Nf3 Nf6 6. e5 Ng4 7. Bf4 h5 8.
Qd2 Nh6 9. h3 Bf5 10. Be2 e6 11. O-O-O b5 12. Kb1 b4 13. Na4 a5 14. Nh2 h4
15. Bg5 Qc7 16. Bxh4 Ng8 17. Bg5 1-0

[Event "World Open"]
[Site "Philadelphia USA"]
[Date "2009.07.01"]
[Round "1"]
[White "Stocek,J"]
[Black "Amanov,M"]
[Result "0-1"]
[WhiteElo "2573"]
[BlackElo "2517"]
[EventDate "2009.06.29"]

1. d4 d5 2. c4 c6 3. Nf3 Nf6 4. Nc3 e6 5. Bg5 dxc4 6. a4 Bb4 7. e4 Bxc3+ 8.
bxc3 Qa5 9. e5 Ne4 10. Bd2 Qd5 11. Be2 c5 12. O-O Nc6 13. a5 cxd4 14. cxd4
O-O 15. Qc2 Nxd4 16. Nxd4 Qxd4 17. Bb4 Nxf2 18. Rxf2 Qxa1+ 19. Bf1 Bd7 20.
Qxc4 Qxe5 21. Bc3 Qd5 22. Qf4 f6 23. Bc4 Qg5 24. Qd4 Rac8 0-1

[Event "World Open"]
[Site "Philadelphia USA"]
[Date "2009.07.01"]
[Round "1"]
[White "Stopa,Ja"]
[Black "Greanias,S"]
[Result "1-0"]
[WhiteElo "2471"]
[BlackElo "2149"]
[EventDate "2009.06.29"]

1. e4 c5 2. Nf3 e6 3. d3 d5 4. Nbd2 Nc6 5. g3 Nf6 6. Bg2 Be7 7. O-O Qc7 8.
Re1 dxe4 9. dxe4 Nd7 10. Nc4 b5 11. Bf4 Qd8 12. Nd6+ Bxd6 13. Qxd6 Qb6 14.
c3 Na5 15. Nd2 Bb7 16. a4 b4 17. cxb4 Qxb4 18. Bg5 Nc6 19. e5 Ndb8 20. Ne4
Nd7 21. Nc3 1-0

[Event "World Open"]
[Site "Philadelphia USA"]
[Date "2009.06.30"]
[Round "2"]
[White "Kraai,J"]
[Black "Bartell,T"]
[Result "1-0"]
[WhiteElo "2488"]
[BlackElo "2368"]
[EventDate "2009.06.29"]

1. Nf3 Nf6 2. c4 c5 3. Nc3 e6 4. g3 b6 5. Bg2 Bb7 6. O-O Be7 7. d4 cxd4 8.
Qxd4 O-O 9. Rd1 d6 10. Bg5 Nc6 11. Qf4 Qb8 12. Rd2 Ne5 13. Rad1 Rc8 14. b3
a6 15. Bxf6 Bxf6 16. Ne4 Nxf3+ 17. Qxf3 Be7 18. Nf6+ gxf6 19. Qxb7 Ra7 20.
Qf3 Rc5 21. e4 Rg5 22. h4 Rg7 23. Qf4 Rd7 24. b4 Qc7 25. Bf1 Kh8 26. Kh2 a5
27. bxa5 bxa5 28. Rb1 Rg8 29. Rb5 Rb8 30. c5 Rc8 31. c6 Qxc6 32. Rh5 1-0

[Event "World Open"]
[Site "Philadelphia USA"]
[Date "2009.07.01"]
[Round "2"]
[White "Zhao,P"]
[Black "Stocek,J"]
[Result "1/2-1/2"]
[WhiteElo "2301"]
[BlackElo "2573"]
[EventDate "2009.06.29"]

1. e4 c5 2. Nf3 d6 3. c3 Nf6 4. Be2 Bg4 5. O-O e6 6. d3 Nc6 7. Be3 d5 8. e5
Bxf3 9. exf6 Bxe2 10. fxg7 Bxg7 11. Qxe2 Qd6 12. Nd2 h5 13. Nb3 b6 14. a4
a5 15. d4 c4 16. Nd2 h4 17. b3 h3 18. g3 Rc8 19. Bf4 Qd7 20. bxc4 Ne7 21.
Be5 f6 22. Bf4 Kf7 23. Rfe1 Ng6 24. Be3 dxc4 25. Qf3 Ne7 26. Ne4 Nd5 27.
Bg5 Rc6 28. g4 Ke7 29. Bd2 Kd8 30. Ng3 Kc8 31. Rab1 Bh6 32. Bxh6 Rxh6 33.
Rb5 Rg6 34. Kh1 Kb7 35. Nh5 Ka7 36. Nf4 Nxf4 37. Qxf4 e5 38. dxe5 Rxg4 39.
Qf3 Rg6 40. Rd5 Qe6 41. Red1 Rg7 42. exf6 Qxf6 43. Rd7+ Rxd7 44. Rxd7+ Ka8
45. Qxh3 Qh6 46. Qf5 Rc5 47. Rd8+ Kb7 48. Qf7+ Rc7 49. Qd5+ Qc6 50. Kg2
Rg7+ 51. Kf1 Qxd5 52. Rxd5 Kc6 53. Re5 Rh7 54. Kg2 Rg7+ 55. Kf3 Rf7+ 56.
Ke3 Rd7 57. Re6+ Kc5 58. Re5+ Kc6 59. Re6+ Kc5 60. Re5+ 1/2-1/2

[Event "World Open"]
[Site "Philadelphia USA"]
[Date "2009.07.02"]
[Round "2"]
[White "Hess,Ro"]
[Black "Homa,S"]
[Result "1-0"]
[WhiteElo "2485"]
[BlackElo "2266"]
[EventDate "2009.06.29"]

1. e4 e5 2. Nf3 Nc6 3. Bb5 a6 4. Bxc6 dxc6 5. O-O f6 6. b3 c5 7. Qe2 Be6 8.
Rd1 Ne7 9. c3 Nc6 10. Na3 Qd7 11. Nc2 O-O-O 12. d3 g5 13. Bb2 Bd6 14. Ne3
h5 15. d4 cxd4 16. cxd4 exd4 17. Nxd4 Nxd4 18. Rxd4 Qe7 19. Rad1 c6 20.
R4d2 g4 21. Bc3 Bc7 22. Nc2 h4 23. Bb4 c5 24. Rxd8+ Rxd8 25. Rxd8+ Bxd8 26.
Bc3 Qd6 27. g3 hxg3 28. hxg3 Qc6 29. Qe3 a5 30. Qf4 a4 31. Ne3 axb3 32.
axb3 Bc7 33. Qxf6 Qxe4 34. Qf8+ Kd7 35. Qxc5 Qb1+ 36. Kg2 Qxb3 37. Qd4+ Kc6
38. Qf6 Kd7 39. Qg7+ Kc6 40. Qf6 Kd7 41. Qg7+ Kc6 42. Qe7 Bd6 43. Qe8+ Kc7
44. Bf6 b5 45. Qd8+ Kc6 46. Qa8+ Kc7 47. Qd8+ Kc6 48. Bd4 Qd3 49. Qe8+ Kc7
50. Qxe6 Qxd4 51. Nxg4 b4 52. Ne3 Bc5 53. g4 b3 54. Qxb3 Qe4+ 55. Kf1 Kc6
56. Qb8 Qd3+ 57. Kg2 Qe4+ 58. Kg1 Qe6 59. Qa8+ Kc7 60. Qa5+ Kc6 61. Qa6+
Bb6 62. Qc4+ Qxc4 63. Nxc4 Bd4 64. Ne3 Kd7 65. Kg2 Ke6 66. Kf3 Kf6 67. Ke4
Ba7 68. f4 Bb8 69. Nd5+ Kg6 70. Ne7+ Kf6 71. Nc6 Bd6 72. g5+ Kg6 73. Ne5+
Kg7 74. Kf5 Be7 75. Ke6 Bd8 76. Nf7 Ba5 77. f5 Bc3 78. Ne5 Kf8 79. f6 Bd2
80. Nd7+ 1-0

[Event "World Open"]
[Site "Philadelphia USA"]
[Date "2009.07.02"]
[Round "2"]
[White "Ramirez,Alej"]
[Black "Heinis,V"]
[Result "1-0"]
[WhiteElo "2563"]
[BlackElo "2193"]
[EventDate "2009.06.29"]

1. c4 g6 2. d4 Nf6 3. Nc3 Bg7 4. Nf3 O-O 5. g3 d6 6. Bg2 a6 7. O-O Nc6 8.
b3 Rb8 9. Bb2 b5 10. cxb5 axb5 11. d5 Na7 12. b4 Nd7 13. Rc1 c5 14. a3 Nb6
15. Ba1 Ba6 16. Nd2 Rc8 17. Nb3 Nc4 18. Ne4 Bh6 19. bxc5 1-0

[Event "World Open"]
[Site "Philadelphia USA"]
[Date "2009.07.01"]
[Round "3"]
[White "Gerzhoy,L"]
[Black "Friedel,J"]
[Result "1/2-1/2"]
[WhiteElo "2420"]
[BlackElo "2516"]
[EventDate "2009.06.29"]

1. e4 e5 2. Nf3 Nc6 3. Nc3 Nf6 4. Bb5 Bb4 5. O-O O-O 6. Bxc6 dxc6 7. Nxe5
Re8 8. Nd3 Bxc3 9. dxc3 Nxe4 10. Qf3 Nd6 11. Bf4 Qh4 12. Rfe1 Bg4 1/2-1/2

[Event "World Open"]
[Site "Philadelphia USA"]
[Date "2009.07.01"]
[Round "3"]
[White "Najer,E"]
[Black "Kacheishvili,G"]
[Result "1/2-1/2"]
[WhiteElo "2669"]
[BlackElo "2613"]
[EventDate "2009.06.29"]

1. e4 c6 2. c4 d5 3. cxd5 cxd5 4. exd5 Nf6 5. Qa4+ Nbd7 6. Nc3 g6 7. Bc4
Bg7 8. d3 O-O 9. Nf3 a6 10. Qa3 b6 11. O-O Bb7 12. Re1 Re8 13. Bf4 Rc8 14.
Rad1 b5 15. Bb3 Nc5 16. Be5 Nxb3 17. Qxb3 Nxd5 18. Bxg7 Kxg7 19. Ne4 Nf4
20. d4 Qd5 21. Qe3 Qxe4 22. Qxe4 Bxe4 23. Rxe4 Nd5 24. Re2 f6 25. g3 Rc4
26. Kf1 Kf7 27. Ne1 Rec8 28. Red2 a5 29. Ng2 Ke6 30. Ke2 Ra4 31. Ra1 b4 32.
Kd3 Kd6 33. Rc2 Rxc2 34. Kxc2 b3+ 35. Kxb3 Rxd4 36. Ne3 Nxe3 37. fxe3 Rd2
38. h4 Rg2 39. Ka4 Rxb2 40. Kxa5 Ke5 41. a4 Ke4 42. h5 e5 43. hxg6 hxg6 44.
g4 Kxe3 45. Rf1 Rf2 46. Ra1 e4 47. Kb6 f5 48. gxf5 gxf5 49. a5 Rh2 50. a6
Rh6+ 51. Kc7 Rh7+ 52. Kb6 f4 53. a7 Rxa7 1/2-1/2

[Event "World Open"]
[Site "Philadelphia USA"]
[Date "2009.07.02"]
[Round "3"]
[White "Gurevich,D"]
[Black "Hess,Ro"]
[Result "1/2-1/2"]
[WhiteElo "2494"]
[BlackElo "2485"]
[EventDate "2009.06.29"]

1. d4 Nf6 2. c4 e6 3. g3 d5 4. Bg2 dxc4 5. Nf3 a6 6. Ne5 Bb4+ 7. Nc3 Nd5 8.
Bd2 Bxc3 9. bxc3 b5 10. O-O O-O 11. a4 f6 12. Nf3 c6 13. Qc2 Bb7 14. h4 Qe8
15. Rfe1 Nd7 16. e4 Nc7 17. Bc1 Qh5 18. Ba3 c5 19. dxc5 Rf7 20. Rad1 bxa4
21. Qxa4 Nb5 22. c6 Bxc6 23. Qxc4 Rc8 24. Bb4 Nf8 25. e5 Rfc7 26. Qe2 Qf7
27. exf6 Qxf6 28. Rd3 Bd5 29. Ng5 Bc4 30. Be4 h6 31. Bxf8 hxg5 32. Bb4 Nxc3
33. Bxc3 Bxd3 34. Bxd3 Rxc3 35. hxg5 Qf7 36. Bxa6 R8c6 37. Bd3 Rc1 38. Rxc1
Rxc1+ 39. Kg2 Qb7+ 40. Be4 Qb4 41. Qg4 Qc4 42. Qf4 Qf1+ 43. Kh2 Qd1 44.
Qb8+ Kf7 45. g6+ Ke7 46. Qb7+ Kd6 47. Qb4+ Kc7 48. Qa5+ Kd6 1/2-1/2

[Event "World Open"]
[Site "Philadelphia USA"]
[Date "2009.07.02"]
[Round "3"]
[White "Hanken,J"]
[Black "Homa,S"]
[Result "0-1"]
[WhiteElo "1910"]
[BlackElo "2266"]
[EventDate "2009.06.29"]

1. c4 Nf6 2. g3 g6 3. Bg2 Bg7 4. Nc3 O-O 5. e3 d6 6. Nge2 e5 7. O-O Nbd7 8.
Rb1 Re8 9. d3 Nf8 10. b4 h5 11. h3 Rb8 12. Bd2 Be6 13. Kh2 Qd7 14. f4 e4
15. Qc2 exd3 16. Qxd3 c6 17. e4 d5 18. cxd5 cxd5 19. Be3 Nxe4 20. Bxa7 Nxc3
21. Nxc3 Ra8 22. Bf2 Bf5 23. Qd2 Bxb1 24. Rxb1 Bxc3 25. Qxc3 Rxa2 26. Rb2
Rc8 27. Qxc8 Rxb2 28. Qc5 Ne6 29. Qa7 d4 30. Kg1 d3 31. Qb8+ Qd8 32. Qe5
Re2 33. Qa1 d2 34. Qd1 Qd4 35. Bxd4 0-1

[Event "World Open"]
[Site "Philadelphia USA"]
[Date "2009.07.02"]
[Round "3"]
[White "Mikhalevski,V"]
[Black "Ramirez,Alej"]
[Result "1-0"]
[WhiteElo "2625"]
[BlackElo "2563"]
[EventDate "2009.06.29"]

1. d4 d5 2. c4 c6 3. Nf3 Nf6 4. e3 Bg4 5. Qb3 Qb6 6. Nc3 e6 7. Ne5 Bf5 8.
c5 Qc7 9. Be2 Nfd7 10. Nf3 Be7 11. O-O O-O 12. Bd2 b6 13. cxb6 Nxb6 14. Na4
N8d7 15. Bb4 Bxb4 16. Qxb4 a5 17. Qa3 Nxa4 18. Qxa4 Rab8 19. b3 Rb4 20. Qa3
Qb6 21. Rfc1 h6 22. Rc3 Bg4 23. Qc1 Rc8 24. a3 Bxf3 25. gxf3 Rxb3 26. Rxb3
Qxb3 27. Rb1 Qa2 28. Bd3 Rb8 29. Rxb8+ Nxb8 30. Qc3 a4 31. Bc2 h5 32. Kg2
h4 33. h3 g6 34. Bxa4 Kg7 35. Qb4 Na6 36. Qb6 Qc4 37. Bxc6 Nb8 38. Bb5 Qc8
39. Qd6 Qb7 40. a4 Qa7 41. a5 1-0

[Event "World Open"]
[Site "Philadelphia USA"]
[Date "2009.07.02"]
[Round "3"]
[White "Perelshteyn,E"]
[Black "Bonin,J"]
[Result "1-0"]
[WhiteElo "2543"]
[BlackElo "2369"]
[EventDate "2009.06.29"]

1. d4 d5 2. c4 e6 3. Nc3 c6 4. e4 dxe4 5. Nxe4 Bb4+ 6. Bd2 Qxd4 7. Bxb4
Qxe4+ 8. Be2 Na6 9. Ba5 Bd7 10. Nf3 c5 11. O-O Bc6 12. Re1 Ne7 13. Qc1 Ng6
14. Bf1 Qf5 15. Re3 Nf4 16. Ne5 Nb4 17. Bxb4 cxb4 18. Nxc6 bxc6 19. Qd2 O-O
20. Qxb4 Rfd8 21. Qc3 Rd7 22. g3 Nh3+ 23. Bxh3 Qxh3 24. Rd3 Rad8 25. Rad1
Rxd3 26. Rxd3 Rxd3 27. Qxd3 h5 28. b4 e5 29. Qd6 Qf5 30. Qxc6 h4 31. f3
Qb1+ 32. Kg2 Qxa2+ 33. Kh3 hxg3 34. hxg3 Qa1 35. Qe8+ Kh7 36. Qxf7 Kh6 37.
Kg4 Qd4+ 38. Kf5 Qd3+ 39. Kxe5 Qc3+ 40. Kf5 Qxf3+ 41. Ke6 Qxg3 42. Kd7 g5
43. c5 Qd3+ 44. Ke7 g4 45. c6 Qc2 46. Qf4+ Kh5 47. c7 Qe2+ 48. Kf8 Qc2 49.
Qe5+ Kh4 50. Qc5 1-0

[Event "World Open"]
[Site "Philadelphia USA"]
[Date "2009.07.02"]
[Round "3"]
[White "Stopa,Ja"]
[Black "Gareev,T"]
[Result "1/2-1/2"]
[WhiteElo "2471"]
[BlackElo "2590"]
[EventDate "2009.06.29"]

1. e4 e5 2. Nf3 Nc6 3. Bc4 Bc5 4. d3 Nf6 5. Bb3 O-O 6. c3 d5 7. Nbd2 h6 8.
Qe2 a5 9. a4 Be6 10. Bc2 Re8 11. O-O Nh5 12. Nb3 Bb6 13. Ng5 hxg5 14. Qxh5
dxe4 15. dxe4 g4 16. Bg5 f6 17. Rad1 Qe7 18. Bc1 Qf7 19. Qxf7+ Kxf7 20.
Rfe1 Rad8 21. Rxd8 Rxd8 22. Rd1 Rh8 23. Nd2 g6 24. Nf1 f5 25. exf5 gxf5 26.
Be3 Bxe3 27. Nxe3 Ne7 28. Bd3 Rd8 29. Be2 Rxd1+ 30. Bxd1 Kf6 31. g3 Ng6 32.
f3 gxf3 33. Bxf3 e4 34. Bd1 Ne5 35. b4 axb4 36. cxb4 Nd3 37. b5 b6 38. Kf1
Ke5 39. Ke2 f4 40. gxf4+ Nxf4+ 41. Kd2 Ng6 42. Ng2 Bh3 43. Ne1 Kf4 44. Kc3
Nh4 45. Kd4 Nf5+ 46. Kc3 Ne3 47. Be2 Ke5 48. Nc2 Nxc2 49. Kxc2 Kd4 50. Kd2
e3+ 51. Ke1 Ke4 1/2-1/2

[Event "World Open"]
[Site "Philadelphia USA"]
[Date "2009.07.02"]
[Round "4"]
[White "Kacheishvili,G"]
[Black "Gerzhoy,L"]
[Result "1/2-1/2"]
[WhiteElo "2613"]
[BlackElo "2420"]
[EventDate "2009.06.29"]

1. d4 d5 2. Nf3 Nf6 3. c4 e6 4. Nc3 Nbd7 5. Bg5 Be7 6. e3 O-O 7. Rc1 h6 8.
Bh4 c6 9. Bd3 dxc4 10. Bxc4 b5 11. Bd3 a6 12. a4 Bb7 13. O-O b4 14. Ne2 c5
15. Bb1 cxd4 16. Nexd4 Qb6 17. e4 Rfd8 18. Qe2 Nf8 19. Bxf6 Bxf6 20. e5 Be7
21. Be4 Rac8 22. a5 Qa7 23. Bc6 Qa8 24. Qe4 Rc7 25. Rc4 Bxc6 26. Nxc6 Rd5
27. Rfc1 Bg5 28. Nxg5 Rxc6 29. Nf3 Rxc4 30. Qxc4 Rxa5 31. Qxb4 Rb5 32. Qc3
1/2-1/2

[Event "World Open"]
[Site "Philadelphia USA"]
[Date "2009.07.03"]
[Round "4"]
[White "Gareev,T"]
[Black "Stripunsky,A"]
[Result "1-0"]
[WhiteElo "2590"]
[BlackElo "2556"]
[EventDate "2009.06.29"]

1. d4 d5 2. Nf3 Bf5 3. c4 e6 4. Qb3 Nc6 5. Bd2 dxc4 6. Qxb7 Nge7 7. Qa6 Rb8
8. Na3 Nxd4 9. O-O-O Nxf3 10. gxf3 Qd6 11. Qxa7 Nc6 12. Qa4 Rxb2 13. Bc3
Rd2 14. Qa8+ Nd8 15. Rxd2 Qxa3+ 16. Qxa3 Bxa3+ 17. Kd1 e5 18. e4 Be6 19.
Bxe5 O-O 20. Rg1 f6 21. Bxc7 Nc6 22. Bd6 Ra8 23. Bxa3 Rxa3 24. Rd6 1-0

[Event "World Open"]
[Site "Philadelphia USA"]
[Date "2009.07.03"]
[Round "4"]
[White "Hess,Ro"]
[Black "Lapshun,Y"]
[Result "1-0"]
[WhiteElo "2485"]
[BlackElo "2448"]
[EventDate "2009.06.29"]

1. e4 c5 2. Nf3 e6 3. d4 cxd4 4. Nxd4 Nf6 5. Nc3 Qb6 6. e5 Bc5 7. Ndb5 a6
8. exf6 axb5 9. Ne4 Ra4 10. Qf3 Rxe4+ 11. Qxe4 Bxf2+ 12. Ke2 Bd4 13. Be3
Bxe3 14. fxg7 Rg8 15. Qxe3 Qc7 16. Kd2 Rxg7 17. Rd1 Nc6 18. Kc1 b4 19. Kb1
Qe5 20. Qxe5 Nxe5 21. Rd4 Rg4 22. Rxg4 Nxg4 23. Be2 Ne3 24. Re1 b6 25. Bf3
Nc4 26. Kc1 f5 27. g4 fxg4 28. Bxg4 Bb7 29. Bh5+ Ke7 30. Rf1 Be4 31. Be2
Ne3 32. Rf4 Bxc2 33. Rf3 Nf5 34. Kxc2 Nd4+ 35. Kd3 Nxf3 36. Bxf3 d5 37. Ke3
h6 38. h3 1-0

[Event "World Open"]
[Site "Philadelphia USA"]
[Date "2009.07.03"]
[Round "4"]
[White "Homa,S"]
[Black "Shankland,S"]
[Result "0-1"]
[WhiteElo "2266"]
[BlackElo "2446"]
[EventDate "2009.06.29"]

1. e4 c5 2. Nf3 d6 3. d4 cxd4 4. Nxd4 Nf6 5. Nc3 a6 6. Bc4 e6 7. Bb3 Nbd7
8. Bg5 Qa5 9. Bxf6 Nxf6 10. O-O Be7 11. f4 O-O 12. Kh1 Bd7 13. Qf3 Qc5 14.
Rad1 b5 15. f5 e5 16. Nde2 Bc6 17. Ng3 b4 18. Nd5 Bxd5 19. exd5 a5 20. Ba4
Qc4 21. Bc6 Rab8 22. Qd3 Qh4 23. Rde1 b3 24. axb3 Rb4 25. c4 Bd8 26. Ne4
Nxe4 27. Rxe4 Rxb3 28. Qxb3 Qxe4 29. c5 dxc5 30. Qb7 Qd3 31. Ra1 e4 32. d6
e3 33. d7 Qxf5 34. Bf3 Qe5 35. Qd5 Qxb2 36. Re1 Qc3 37. Rf1 a4 38. Be2 a3
39. h3 Qd2 40. Bc4 g6 41. Qe5 Qxd7 42. Qxe3 Qa7 43. Ba2 Qe7 44. Qxa3 Bc7
45. Qb3 Qe5 46. Kg1 Qh2+ 47. Kf2 Be5 48. Qd5 Bd4+ 49. Kf3 Qc7 50. Rc1 Rd8
51. Qe4 Qa7 52. Rc2 Qa3+ 53. Ke2 Kf8 54. Kf1 Re8 55. Qf3 Qa6+ 56. Re2 Re7
0-1

[Event "World Open"]
[Site "Philadelphia USA"]
[Date "2009.07.03"]
[Round "4"]
[White "Shabalov,A"]
[Black "Mikhalevski,V"]
[Result "1/2-1/2"]
[WhiteElo "2569"]
[BlackElo "2625"]
[EventDate "2009.06.29"]

1. d4 Nf6 2. c4 g6 3. Nc3 d5 4. Qb3 dxc4 5. Qxc4 Bg7 6. e4 O-O 7. Be2 Nc6
8. Be3 e5 9. dxe5 Nxe5 10. Qa4 Bg4 11. Rd1 Qe8 12. Qc2 Bxe2 13. Ngxe2 Qc6
14. O-O Rad8 15. h3 Qa6 16. Bf4 Qe6 17. b3 c5 18. Bh2 Nc6 19. Nf4 Qc8 20.
Ncd5 Nxd5 21. Nxd5 Rfe8 22. Qxc5 Rxe4 23. b4 Bd4 24. Qc2 Qf5 25. Ne3 Qe6
26. b5 Ne7 27. Qc7 Rd7 28. Qb8+ Kg7 29. Nc2 Bxf2+ 30. Kxf2 Re2+ 31. Kg1
Rxd1 32. Rxd1 Rxc2 33. Qe5+ Qxe5 34. Bxe5+ f6 35. Bd6 Kf7 36. Bb8 Rxa2 37.
Rd7 b6 38. Bxa7 Ke6 39. Rb7 Nd5 40. Bxb6 h5 41. Bf2 Ra1+ 42. Kh2 Ra2 43.
Kg1 Ra1+ 1/2-1/2

[Event "World Open"]
[Site "Philadelphia USA"]
[Date "2009.07.03"]
[Round "4"]
[White "Stocek,J"]
[Black "Yeager,D"]
[Result "1/2-1/2"]
[WhiteElo "2573"]
[BlackElo "2372"]
[EventDate "2009.06.29"]

1. d4 d5 2. c4 c6 3. Nf3 Nf6 4. Nc3 e6 5. Qc2 dxc4 6. e4 b5 7. Be2 Bb7 8.
O-O Be7 9. Bg5 Nbd7 10. a4 b4 11. e5 bxc3 12. exf6 Nxf6 13. bxc3 c5 14. Qb2
Qb6 15. Qb5+ Qxb5 16. axb5 Ne4 17. Bxe7 Kxe7 18. dxc5 Nxc5 19. Nd2 Ne4 20.
Nxe4 Bxe4 21. Ra4 Bd5 22. g3 Rhb8 23. Rb1 Rc8 24. Rbb4 Kd6 25. Bxc4 Bxc4
26. Rxc4 Rxc4 27. Rxc4 Rb8 28. Ra4 Rb7 29. c4 Kc5 30. Kf1 Rd7 31. Ke2 e5
32. g4 f6 33. Ke3 g6 34. f4 exf4+ 35. Kxf4 Rd4+ 36. Kf3 Rd3+ 37. Kf2 Rd2+
38. Ke3 Rxh2 39. Rxa7 Kxc4 40. b6 Rb2 41. Rc7+ Kd5 42. b7 Rb3+ 43. Kf2 h5
44. gxh5 gxh5 45. Rf7 1/2-1/2

[Event "World Open"]
[Site "Philadelphia USA"]
[Date "2009.07.03"]
[Round "4"]
[White "Stopa,Ja"]
[Black "Lenderman,A"]
[Result "0-1"]
[WhiteElo "2471"]
[BlackElo "2434"]
[EventDate "2009.06.29"]

1. e4 c6 2. d4 d5 3. exd5 cxd5 4. Bd3 Nc6 5. c3 Qc7 6. Bg5 Nf6 7. Nd2 Bg4
8. Qb3 Rd8 9. Bh4 e6 10. Bg3 Bd6 11. Ngf3 O-O 12. O-O Bxg3 13. hxg3 Bf5 14.
Ne1 h5 15. Bxf5 exf5 16. Nd3 g6 17. Nf3 Ne4 18. Nde5 Kg7 19. Rac1 a6 20.
Nxc6 Qxc6 21. c4 Rc8 22. Ne5 Qc7 23. Qe3 Qa5 24. a3 f6 25. b4 Qd8 26. Nd3
Re8 27. Nf4 dxc4 28. d5 Kh7 29. Rfd1 Qd6 30. Ne6 b5 31. Qd4 Re7 32. f3 Ng5
33. Nf4 Kg7 34. Re1 Re5 35. Qa7+ Rc7 36. Qb8 Rd7 37. Qc8 Rde7 38. Red1 Rc7
39. Qb8 Rd7 40. Qc8 Ree7 41. Qc5 Rd8 42. Re1 Rc7 43. Qf2 Rdd7 44. Qd4 a5
45. Rb1 c3 46. bxa5 c2 47. Ra1 Re7 48. Rec1 Rc4 49. Qf2 h4 50. gxh4 Nxf3+
51. gxf3 Qxf4 52. a6 Rc3 53. Kg2 Ree3 54. Rf1 Rxf3 55. Qxf3 Rxf3 56. Rxf3
c1=Q 0-1

[Event "World Open"]
[Site "Philadelphia USA"]
[Date "2009.07.03"]
[Round "4"]
[White "De Firmian,N"]
[Black "Rensch,D"]
[Result "1-0"]
[WhiteElo "2552"]
[BlackElo "2399"]
[EventDate "2009.06.29"]

1. e4 c5 2. Nf3 d6 3. d4 cxd4 4. Nxd4 Nf6 5. Nc3 a6 6. a4 e5 7. Nb3 Be7 8.
Be2 O-O 9. O-O Be6 10. f4 exf4 11. Bxf4 Nc6 12. Kh1 Rc8 13. Qe1 Kh8 14. Rd1
Qb6 15. Bxd6 Bxd6 16. Rxd6 Qb4 17. Qd2 Bxb3 18. cxb3 Nxe4 19. Nxe4 Qxe4 20.
Bf3 Qh4 21. g3 Qh3 22. Bg2 Qh5 23. Rd7 Ne5 24. Rxb7 Rfd8 25. Qa5 Rd1 26.
Rbxf7 Qxf7 27. Rxd1 Nd3 28. Qxa6 Nf2+ 29. Kg1 Rf8 30. Rf1 1-0